| 000 | 00643nam a2200157Ia 4500 | ||
|---|---|---|---|
| 008 | 160316s2010 xxu||||| |||| 00| 0 eng d | ||
| 082 |
_a343.099450 _bSIN |
||
| 100 | _aSingh Yatinder | ||
| 245 | _aCyber laws A guide to cyber laws, information technology, computer software, intellectual property rights, e-commerce,taxation, privacy, etc., along with policies, guidlines and agreements | ||
| 250 | _a4th | ||
| 260 |
_aDehra Dun _bUniversal Law Publishing Co.Pvt.Ltd. _c2010 |
||
| 300 |
_a430p _b _cxxxiii |
||
| 365 | _bRs. 425 | ||
| 650 | _a1. Cyber Laws - India 2. Information Technology Act - India 3. Computer Laws - India | ||
| 700 |
_a _a |
||
| 999 |
_c27176 _d27176 |
||